000
00314nam a2200133Ia 4500
008
191201s1998 xx 000 0 und d
100
_a
CZINKOTA,Michael R.
245
0
_a
International Marketing
250
_a
5th
260
_a
N.Delhi
_b
Dryden press
_c
1998
300
_a
860+116
650
_a
MBA
942
_2
ddc
_c
BK
999
_c
4217
_d
4217